01359 2200301 4500001002100000005001500021035002000036007000300056008004100059100001800100245015700118300003700275020002200312082001300334084002200347250003100369264003800400336002100438337003000459338002300489440002800512520040100540650002000941700002500961700003900986990001601025990001601041INLIS00000000101219520221021012103 a0010-1022000051ta221020 a 1 ind  aBudi Dermawan1 aHarimau yang kurang bersyukur :basyiknya belajar sikap mensyukuri dan ikhlas /cBudi Dermawan; editor, Aulia Rahman; penata letak & grafis, Randy Danda a32 halaman :bilustrasi ;c14 cm a978-979-788-591-5 a899.2213 aSR 899.2213 BUD h acetakan II, September 2021 aJakarta :bPenebar Swadaya,c2021 2rdacontentateks 2rdamediaatanpa perantara 2rdacarrieravolume aseri fabel inspiratif / aProses pembentukan kepribadian anak dimulai sejak usia dini. Apabila orangtua dan lingkungan bisa memberi contoh serta pelajaran yang baik, niscaya baik pula perkembangan kepribadian anak kelak. Seri fabel inspiratif ini memberikan pesan-pesan tentang pengembangan moral, karakter dan akhlak melalui kisah-kisah. Melalui kisah, hikmah dan pelajaran dapat lebih mudah disampaikan dan diserap anak. 4aFiksi Indonesia0 aAulia Rahmaneeditor0 aRandy Dandaepenata letak & grafis a49941.62761 a49942.62762